000 00267nam a22001217a 4500
008 180807b xxu||||| |||| 00| 0 eng d
082 _a813.52
245 _aPower Lecture
_cThomson
260 _c2008
300 _a1
_fCD
440 _x9780495553748
942 _2ddc
_cMX
999 _c46882
_d46882